| 000 | 00777nam a2200241Ia 4500 | ||
|---|---|---|---|
| 003 | OSt | ||
| 005 | 20220923221748.0 | ||
| 006 | a|||||r|||| 00| 0 | ||
| 007 | ta | ||
| 008 | 220922b |||||||| |||| 00| 0 hin d | ||
| 024 | _a199,888 | ||
| 037 | _cTextual | ||
| 040 |
_aARTS _cARTS _bhin |
||
| 041 |
_2hin _ahin |
||
| 082 | _aQ23:226x, 152L6 | ||
| 100 | _aशर्मा, केदार नाथ | ||
| 245 | 0 | _aनेपाल माहात्म्यम् | |
| 246 | _aNepāl māhātmyam | ||
| 260 |
_aवाराणसी _b चौखम्भा अमरभारती प्रका0 _c1976 |
||
| 300 |
_a230पृ. _ccm. |
||
| 942 |
_hQ23:226x, 152L6 _cTEXL _2CC |
||
| 999 |
_c351590 _d351590 |
||